| 000 | 01848nam a2200385 c 4500 | ||
|---|---|---|---|
| 003 | BLK | ||
| 005 | 20240706005356.0 | ||
| 008 | 180409b bul|||||r ||||||| ||bul|| | ||
| 010 | _aKNG00123611000 | ||
| 020 |
_a978-954-431-549-8 _bиздат.: Златното пате |
||
| 040 | _aBLK | ||
| 041 |
_aBUL _cBUL |
||
| 072 | 7 |
_2bullib _aН85 _xДетска художествена литература Н |
|
| 080 |
_aРуска литература _b821.161.1 _x-93-91 _z821.161.1-93-91 |
||
| 700 |
_aЗлатарева, Галина Йорданова _d1954 _9363759 |
||
| 700 | 1 |
_aЕгорова, Ирина Николаевна _eил. _9373425 |
|
| 700 |
_aЗлатарева, Галина Йорданова _d1954 _9363759 |
||
| 139 |
_aПо заповед на щуката _bП 62 |
||
| 245 | 1 | 0 |
_aПо заповед на щуката _cадапт. Галина Златина; * Галина Йорданова Златарева; ил. Ирина Николаевна Егорова. |
| 257 | _aRUS | ||
| 260 |
_аСофия _bЗлатното пате _c2009 _fОтпеч. в Китай |
||
| 300 |
_a10 с. _bс цв. ил. _c22 см |
||
| 380 | _aDX | ||
| 500 | _aКор. опис. - Без сведение за ориг. загл. ; Ориг. загл. По щучьему велению. - Галина Златина - псевд. на Галина Йорданова Златарева. - Кн. е отпеч. на лам. картон. | ||
| 653 | _aприказки | ||
| 653 | _aлитература за деца | ||
| 653 | _aдетска литература | ||
| 659 | _aН | ||
| 852 | _aЦб 251969 | ||
| 856 | 4 |
_qpdf _u |
|
| 856 | 4 |
_qpdf _u |
|
| 942 |
_cKNG _n0 _02 |
||
| 944 |
_aCR _c17.06.2011 _lCRON CRON _k |
||
| 944 |
_aED _c24.11.2014 _lф / _kЛюдмила_Стоянова |
||
| 999 |
_c118010 _d118010 |
||